000 01036nam a2200301Ia 4500
001 Z_5578
003 CHAP
008 220113s2007 xx 000 0 und d
010 _a168672
040 _cCHAP
090 _aTesis R 2036
100 _aRamírez Cortés, Ramón
_993942
245 _aCambios de peso por transporte-recepción, comportamiento productivo y conducta durante la fase de adaptación en ovinos de lana /
_cRamón Ramírez Cortés, Juan Carlos Velasco Andrade y Miguel Mondragón Yañez
260 _aChapingo, Méx. :
_bLos autores,
_c2007
300 _a120 h.
502 _aTesis (Ing. Agr. Esp. en Zootecnia) -- UACH. Departamento de Zootecnia
650 _aGanado lanar
_945150
650 _aGanado lanar
_xEngorda
_945175
650 _aGanado lanar
_xPeso
_945211
650 _aGanado
_xTransporte
_944955
700 _aI. Velasco andrade, Juan Carlos II. Mondragón Yañez, Miguel
_9142955
901 _aTESIS R 2036
902 _aM
910 _a2007
942 _c2
942 _c2
999 _c168672
_d168672